Тоо тооллын анхны мэдэгдэхүүн (Бичлэгийн дугаар. 876873)
[ энгийн харах ]
| 000 -Удирдлага | |
|---|---|
| Ном зүйн бүртгэл тоо буюу кодлох утгыг агуулсан | 00895 a2200229 4500 |
| 008 - ЕРӨНХИЙ МЭДЭЭЛЭЛ-ЭЛЕМЕНТҮҮДИЙН ӨГӨГДЛИЙН УРТ | |
| fixed length control field | 240605b mp ||||| |||| 00| 0 mon d |
| 020 ## - ОЛОН УЛСЫН СТАНДАРТ НОМЫН ДУГААР-ISBN | |
| Олон Улсын Стандарт Номын Дугаар | 99929-0-684-7. |
| 035 ## - СИСТЕМИЙН ХЯНАЛТЫН ДУГААР | |
| Системийн хяналтын дугаар | 4462 |
| 040 ## - ЭХ СУРВАЛЖИЙГ ТОДОРХОЙЛОН БИЧИХ | |
| Анхны каталогийн байгууллага | HE0623081 |
| Каталогийн хэл | Монгол |
| Бичлэг хийж нэвтрүүлэх байгууллага | MN-UlNLM |
| Өөрчлүүлэх байгууллага | MN-UlNLM |
| Бичиглэлийн тодорхойлолт | rda |
| 041 ## - ХЭЛНИЙ КОД | |
| Текстийн хэлний код/фонограм буюу салангид гарчиг | Монгол |
| 042 ## - AUTHENTICATION CODE | |
| Authentication code | 7348 |
| 084 ## - БУСАД АНГИЛЛЫН ДУГААР | |
| Ангиллын нэр | Номын сан номзүйн ангилал |
| Анги | 22.1 |
| Зохиогчийн 3-н тэмдэгт | Г.952 |
| 100 ## - ЗОХИОГЧИЙН ХЭСЭГ | |
| Зохиогчийн нэр | Гэрэлтуяа С. |
| 245 #0 - ҮНДСЭН ГАРЧИГ | |
| Гарчиг | Тоо тооллын анхны мэдэгдэхүүн |
| 264 ## - ГАРАЛТЫН МЭДЭЭ | |
| Хэвлэгдсэн газар | УБ. |
| Бүтээгч, хэвлэгч, түгээгч, үйлдвэрлэгчийн нэр | Монсудар хэвлэлийн газар |
| Хэвлэгдсэн он | 2006 |
| 300 ## - ТООНЫ МЭДЭЭ | |
| Хуудасны тоо | 52х. |
| 336 ## - АГУУЛГЫН ТӨРӨЛ | |
| Нөөц | rdacontent |
| Агуулгын төрлийн нөхцөл | text |
| Агуулгын төрлийн код | txt |
| 337 ## - MEDIA TYPE | |
| Эх сурвалж | rdamedia |
| Файлын төрөл | unmediated |
| Файлын код | n |
| 338 ## - CARRIER TYPE | |
| Source | rdacarrier |
| Carrier type term | volume |
| Carrier type code | nc |
| 650 ## - Сэдэв | |
| Сэдэв | Хүүхдийн тоотой танилцах, юмсыг тоолох, ангилах, тооны бүтэц, задаргааны учрыг олох, зургийн дагуу нэмэх, хасах бодлого зохиох, ... |
| 942 ## - ЭЛЕМЕНТИЙН ТӨРӨЛ | |
| Анги | Номын сан номзүйн ангилал |
| Төрөл | Ном |
| Буцаан татагдсан төлөв | Хасагдсан шалтгаан | Гэмтсэн төлөв | Данс заагч | Захиалах боломжгүй | Үндсэн номын сан | Одоогийн байршил | Салбар танхим | Салбар танхим | Бүртгэсэн огноо | Тавиурын заалт | Баркод | Үнэ | Хамгийн сүүлд байсан огноо | Нийт уншлаганд гарсан тоо | Дансны дугаар | Төрөл |
|---|---|---|---|---|---|---|---|---|---|---|---|---|---|---|---|---|
| Хэнтий | Хэнтий | Хэнтий | Хүүхдийн уншлагын танхим | Хэнтий | Хүүхдийн уншлагын танхим | 2024-06-12 | 22.1 Г.952 | HE0624462-3-1 | 2500.00 | 2024-06-12 | 11494 | Ном | ||||||
| Хэнтий | Хэнтий | Хэнтий | Хүүхдийн уншлагын танхим | Хэнтий | Хүүхдийн уншлагын танхим | 2024-06-12 | 22.1 Г.952 | HE0624462-3-2 | 2500.00 | 2024-06-12 | 12278 | Ном |